00622nam a2200205 a 450000100060000000300080000600500170001400800410003102000150007203500560008704000350014304100080017808200250018610000330021124500360024426000460028030000190032650000510034565000200039621082BD-RjUL20211209000639.0140303r19811978enk 000 1 eng d a0586044477 aCURL 050586044477(Lon) from crsc519a(BD-RjUL)21146 aBD-RjULbengcBD-RjULdBD-RjUL aeng a823.91218bWON 19811 aWoolf, Virginia,d1882-1941.10aNight and day /cVirginia Woolf aLondon :bGrafton,c1978 [reprinted 1981] a460 p :c18 cm aOriginally published: London : Duckworth, 1919 0aEnglish fiction